Quiz rapide sur Harry Potter #3 - Statistiques

Statistiques générales
  • Ce quiz a été pris 314 fois
  • Le résultat moyen est 8 sur 15
Statistiques - réponses
Description Sortilège % Correct
Sort de torture Doloris
89%
Sort de la mort Avada Kedavra
81%
Sort de lévitation Wingardium Leviosa
81%
Désarme l'adversaire Expelliarmus
72%
Fait fuir les Détraqueurs Spero Patronum
68%
Contrôle une autre personne Impero
55%
Fait jaillir de la lumière Lumos
55%
Sort qui pétrifie Petrificus Totalus
54%
Fait beaucoup saigner Sectumsempra
51%
Débarre les serrures Alohomora
50%
Fait voler un objet jusque a nous Accio
47%
Fait jaillir de l'eau Aguamenti
40%
Tiens en l'air par les chevilles Levicorpus
26%
Fait apparaître des oiseaux Avis
22%
La personne ne parle plus Silencio
11%
Aucun quiz correspondant
Distribution des résultats
% des personnes avec chaque résultat
Percentile par nombre de réponses
Votre historique - résultats
Vous n’avez pas pris ce quiz